000 01146cam a2200253 4500
008 090309s1957 mx a 000 0 spa u
035 _aa479912
050 0 4 _aHF5473.M4
_bM35 1957
100 1 _aMalinowsky, Bronislaw
245 1 3 _aLa economía de un sistema de mercados en México :
_bun ensayo de etnografía contemporánea y cambio social en un valle mexicano /
_cBronislaw Malinowsky, Julio de la Fuente; traducción de Antonio Pérez Elías,Antonio Ordóñez Estopier, Benito Iglesias Soto
250 _a1a ed.
260 _aMéxico :
_bEscuela Nacional de Antropología e Historia,
_c1957
300 _a186 p. :
_bil. ;
_c23 cm.
440 0 _aActa anthropológica ;
_nÉpoca 2 volumen I ;
_vno. 2
504 _aIncluye bibliografía
650 7 _aMercados
_zOaxaca
_2Librunam
650 7 _aEtnología
_zOaxaca
_2Librunam
651 7 _aOaxaca
_xCondiciones sociales
_2Librunam
700 1 _aFuente, Julio de la, coaut.
700 1 _aPérez Elías, Antonio, tr.
700 1 _aOrdóñez Estopier, Antonio, tr.
710 1 _aMéxico
_bEscuela Nacional de Antropología e Historia
_bSociedad de Alumnos
942 _2lcc
_cLIB
999 _c67111
_d67111